|
|
|
|
| LEADER |
00000cas a2200000 c 4500 |
| 001 |
16694064X |
| 003 |
DE-627 |
| 005 |
20251024170630.0 |
| 007 |
tu |
| 008 |
941029d19811997gw z| p| 0 |0und c |
| 016 |
7 |
|
|a 012048585
|2 DE-101
|
| 016 |
7 |
|
|a 350788-9
|2 DE-600
|
| 035 |
|
|
|a (DE-627)16694064X
|
| 035 |
|
|
|a (DE-576)015386163
|
| 035 |
|
|
|a (DE-599)ZDB350788-9
|
| 035 |
|
|
|a (OCoLC)711809146
|
| 040 |
|
|
|a DE-627
|b ger
|c DE-627
|e rakwb
|
| 041 |
|
|
|a und
|
| 044 |
|
|
|c XA-DE
|
| 082 |
0 |
4 |
|a 360
|q DE-600
|
| 084 |
|
|
|a 19
|a 14
|a 340
|a 360
|2 sdnb
|
| 110 |
2 |
|
|a World Society of Victimology
|e VerfasserIn
|0 (DE-588)67192-7
|0 (DE-627)101450028
|0 (DE-576)19236779X
|4 aut
|
| 245 |
1 |
0 |
|a WSV newsletter
|
| 246 |
1 |
|
|i Nebent.
|a World Society of Victimology newsletter
|
| 246 |
1 |
|
|i Nebent.
|a Victimology newsletter
|
| 246 |
3 |
3 |
|a Newsletter
|
| 264 |
3 |
1 |
|a Mönchengladbach
|b WSV Publ.
|c 1981-1997
|
| 264 |
2 |
1 |
|a Mönchengladbach
|b Fachhochschule Niederhein, Fachbereich Sozialwesen
|c anfangs
|
| 336 |
|
|
|a Text
|b txt
|2 rdacontent
|
| 337 |
|
|
|a ohne Hilfsmittel zu benutzen
|b n
|2 rdamedia
|
| 338 |
|
|
|a Band
|b nc
|2 rdacarrier
|
| 362 |
0 |
|
|a 1.1981 - 13/14.1995/96(1997)
|
| 363 |
0 |
0 |
|a 1
|i 1981
|
| 363 |
1 |
0 |
|a 13/14
|i 1995/96
|
| 591 |
|
|
|a 25!
|
| 655 |
|
7 |
|a Zeitschrift
|0 (DE-588)4067488-5
|0 (DE-627)10454466X
|0 (DE-576)20917000X
|2 gnd-content
|
| 689 |
0 |
0 |
|d s
|0 (DE-588)4078906-8
|0 (DE-627)106075985
|0 (DE-576)209210435
|a Viktimologie
|2 gnd
|
| 689 |
0 |
|
|5 DE-101
|
| 785 |
0 |
0 |
|i Fortgesetzt durch
|t The victimologist
|
| 787 |
0 |
8 |
|i 13/14=1997 von
|t Worldwide victimology
|d Mönchengladbach : WSV Publ., 1997
|w (DE-627)233815996
|w (DE-600)1393218-4
|w (DE-576)061285544
|
| 951 |
|
|
|a JT
|
| ELC |
|
|
|b 1
|
| LOK |
|
|
|0 000 xxxxxcy a22 3n 4500
|
| LOK |
|
|
|0 001 2115694503
|
| LOK |
|
|
|0 003 DE-627
|
| LOK |
|
|
|0 004 16694064X
|
| LOK |
|
|
|0 005 20031110000000
|
| LOK |
|
|
|0 008 881013||||||||||||||||ger|||||||
|
| LOK |
|
|
|0 035
|a (DE-600)023624981
|
| LOK |
|
|
|0 040
|a DE-Frei85
|c DE-627
|d DE-Frei85
|
| LOK |
|
|
|0 852
|8 1
|
| LOK |
|
|
|0 852
|a DE-Frei85
|
| LOK |
|
|
|0 852 1
|9 00
|
| LOK |
|
|
|0 85900
|8 1.1
|a 1
|i 1981
|
| LOK |
|
|
|0 85910
|8 1.2
|a 13/14
|i 1995/96
|
| LOK |
|
|
|0 86630
|a 1.1981 - 13/14.1995/96
|
| LOK |
|
|
|0 939
|a 13-10-88
|b z01
|
| ORI |
|
|
|a SA-MARC-krimdokb001.raw
|
| SPR |
|
|
|a 1
|t KRI
|